Statistics for U.S. Speakers of the House by Picture

Click here to take the quiz!

General Stats

  • This quiz has been taken 8 times
  • The average score is 8 of 54

Answer Stats

Answer% Correct
Nancy Pelosi
100%
Newt Gingrich
100%
Paul Ryan
88%
John Boehner
75%
James K. Polk
63%
Dennis Hastert
50%
Henry Clay
50%
Tip O'Neill
38%
James G. Blaine
38%
Jim Wright
25%
Sam Rayburn
25%
Schuyler Colfax
25%
Frederick Muhlenberg
25%
Nathaniel Macon
25%
Carl Albert
13%
John W. Jones
13%
John N. Garner
13%
Tom Foley
13%
John W. Taylor
13%
Philip P. Barbour
0%
Nicholas Longworth
0%
Henry T. Rainey
0%
Joseph Byrns
0%
William B. Bankhead
0%
Robert M. T. Hunter
0%
Joseph W. Martin Jr.
0%
John McCormack
0%
Champ Clark
0%
Langdon Cheves
0%
Joseph Varnum
0%
Theodore Sedgwick
0%
Jonathan Dayton
0%
Frederick H. Gillett
0%
David B. Henderson
0%
Joseph Cannon
0%
Galusha A. Grow
0%
John W. Davis
0%
Robert C. Winthrop
0%
Howell Cobb
0%
Linn Boyd
0%
Nathaniel P. Banks
0%
James L. Orr
0%
William Pennington
0%
John Bell
0%
John White
0%
Theodore M. Pomeroy
0%
Andrew Stevenson
0%
Jonathan Trumbull Jr.
0%
Samuel J. Randall
0%
J. Warren Keifer
0%
John G. Carlisle
0%
Thomas B. Reed
0%
Charles F. Crisp
0%
Michael C. Kerr
0%

Score Distribution

Percentile by Number Answered

Percent of People with Each Score

Your Score History

You have not taken this quiz